| 000 | 00512nam a2200157Ia 4500 | ||
|---|---|---|---|
| 008 | 170221s9999 xx 000 0 und d | ||
| 100 | _aSergio Figueiredo | ||
| 245 | _aacCOMICating Science:Larry Gonick’s ‘Cartoon Guides’ as Models of Science Textbooks in Comics Form | ||
| 245 | _cSergio Figueiredo | ||
| 260 | _bOnline Journal of Communication and Media Technologies | ||
| 260 | _c2013 | ||
| 300 | _a33 : 11 | ||
| 650 | _xCommunication | ||
| 650 | _xMedia Arts | ||
| 856 | _uhttp://www.ojcmt.net/ | ||
| 999 |
_c311095 _d311095 |
||